Mujer y sociedad en America Latina /

Bibliographic Details
Other Authors: Guerra-Cunningham, Lucía
Format: Book
Language:Spanish
Published: Irvine : [Santiago, Chile] : Universidad de California ; Editorial del Pacifico, 1980.
Subjects:

MARC

Tag First Indicator Second Indicator Subfields
LEADER 00000cam a2200000 a 4500
001 in00000085888
005 20151008064335.0
008 810129s1980 cau b s00000 spam
010 |a  80138107  
035 |a (OCoLC)07278506 
035 |9 AAK3996AM 
040 |a DLC  |c DLC  |d m.c.  |d TXA  |d UtOrBLW 
043 |a cl----- 
049 |a TXAM  |c [1502423] 
050 0 0 |a HQ1460.5  |b .M85 
082 0 |a 305.4/2/098  |2 19 
245 0 0 |a Mujer y sociedad en America Latina /  |c [seleccion y prologo] Lucia Guerra-Cunningham. 
264 1 |a Irvine :  |b Universidad de California ;  |a [Santiago, Chile] :  |b Editorial del Pacifico,  |c 1980. 
300 |a 261 pages ;  |c 19 cm. 
336 |a text  |b txt  |2 rdacontent 
337 |a unmediated  |b n  |2 rdamedia 
338 |a volume  |b nc  |2 rdacarrier 
504 |a Bibliography: page 89. 
650 0 |a Women  |z Latin America  |x Social conditions. 
700 1 |a Guerra-Cunningham, Lucía. 
999 |a MARS 
999 f f |s 8f554bc2-e99e-3d5f-a09c-4fb329a28838  |i 204e3762-183c-38e1-b5e8-5f05c3021cd3  |t 0 
952 f f |p ric  |a Texas A&M University  |b Rellis Campus  |c Joint Library Facility  |d Remote Storage  |t 0  |e HQ1460.5 .M85  |h Library of Congress classification  |i unmediated -- volume  |m A14806143625 
998 f f |a HQ1460.5 .M85  |t 0  |l Remote Storage